| 000 | 00650nam a22002057a 4500 | ||
|---|---|---|---|
| 999 |
_c7327 _d7327 |
||
| 001 | 867 | ||
| 003 | BD-DhUAP | ||
| 005 | 20210119125523.0 | ||
| 008 | 210119s1961 pk a|||| |||| 00| 0 eng d | ||
| 040 |
_aBD-DhUAP _bEng _cBD-DhUAP _dBD-DhUAP |
||
| 082 |
_223 _a398.21095491 FOL |
||
| 245 |
_aFolk tales of Pakistan / _ccollected by Miss F. A. Steel, Mr. Jasimuddin and Mrs Carvel Painter. |
||
| 260 |
_aLahore : _bOxford University Press, _cc1961. |
||
| 300 |
_a109 pages : _billustrations ; _c20 cm. |
||
| 650 |
_aTales _zPakistan. |
||
| 700 | _aSteel, Miss F. A. | ||
| 700 | _aJasimuddin, Mr. | ||
| 700 | _aPainter, Mrs Carvel. | ||
| 942 |
_2ddc _cBK |
||